000 00675nam a2200193Ii 4500
003 JO-AjNU
008 230605s9999||||xx |||||||||||||| ||und||
040 _aJO-AjNU
_bara
_erda
_cJO-AjNU
041 _aara
050 1 4 _aQC475.M3712 1994
100 3 _aالجنابي ، موسى ؛ ترجمة محمد عبد الوهاب احمد ,
_eauthor
_934668
245 0 0 _aمصادر الاشعاع والجرع الاشعاعيه
264 3 1 _aد.م : د.ن ، 1994
300 _a118ص
336 _atext
_btxt
_2rdacontent
337 _aunmediated
_bn
_2rdamedia
338 _avolume
_bnc
_2rdacarrier
650 4 _aالطاقة الذرية -الاشعاع النووي
_934669
999 _aA14238
_c17806
_d17806